| 000 | 00707nam a22002297a 4500 | ||
|---|---|---|---|
| 999 |
_c15134 _d15134 |
||
| 003 | AR-CdUCM | ||
| 008 | 190425b ||||| |||| 00| 0 spa d | ||
| 020 | _a978-612-309-001-2 | ||
| 040 |
_aMUNICIPALIDAD PROVINCIAL DEL CUSCO _cBIBLIOTECA MUNICIPAL DEL CUSCO |
||
| 082 |
_22ed. _aPI / 808.06 / _bC45 |
||
| 100 |
_aCerna Guardia, Rosa _92656 |
||
| 245 | _aSapito Chico / | ||
| 260 |
_aLima : _bSantillana, _c2012. |
||
| 300 |
_a35 paginas ; _bIlustraciones, graficos, dibujos _c23 cm. |
||
| 500 | _aTexto educativo para niños | ||
| 650 |
_aCuentos _9312 |
||
| 650 |
_aHistoria _9136 |
||
| 650 |
_aNiños _99390 |
||
| 700 |
_aPérez, Ronaldo _934152 |
||
| 942 |
_2ddc _cLIBROS |
||
| 945 |
_apjha _d2019-04-25 |
||